[Event "Bialystok Zamenhof Memorial-C 35th"]
[Site "Bialystok"]
[Date "2017.12.31"]
[Round "9.22"]
[White "Zaleski, Andrzej"]
[Black "Pilka, Lukasz"]
[Result "0-1"]
[WhiteElo "1488"]
[BlackElo "1676"]
[PlyCount "125"]
[EventDate "2017.12.27"]
[EventType "swiss"]
[EventRounds "9"]
[EventCountry "POL"]
[SourceTitle "EXT 2023"]
[Source "ChessBase"]
[SourceDate "2022.10.05"]
[SourceVersion "1"]
[SourceVersionDate "2022.10.05"]
[SourceQuality "1"]

1. e4 c6 2. d4 d5 3. Nc3 dxe4 4. Nxe4 Bf5 5. Ng3 Bg6 6. Nf3 Nd7 7. Be2 h5 8. h4 Qc7 9. Be3 Ngf6 10. Qd2 e6 11. Ng5 Bd6 12. Rh3 0-0-0 13. Bf3 Nd5 14. Be4 Nf8 15. Bxg6 Nxg6 16. N3e4 Qe7 17. Nxd6+ Rxd6 18. 0-0-0 Rhd8 19. Rf3 Nf6 20. Qa5 Kb8 21. c4 b6 22. Qc3 c5 23. Rd2 cxd4 24. Rxd4 Rxd4 25. Bxd4 e5 26. Be3 Nxh4 27. Rg3 Nf5 28. Rf3 Nd4 29. Bxd4 exd4 30. Qd3 Rd7 31. Rf4 Qe5 32. Nh3 Kc7 33. g3 Kd8 34. Ng1 Qe1+ 35. Qd1 Qxd1+ 36. Kxd1 Ng4 37. Kd2 Ne5 38. b3 g6 39. Re4 f6 40. Ne2 g5 41. Rxd4 Nf3+ 42. Ke3 Nxd4 43. Nxd4 h4 44. gxh4 gxh4 45. Ne6+ Ke7 46. Nf4 Rd1 47. Ng6+ Ke6 48. Nxh4 Ra1 49. Nf3 Rxa2 50. Nd2 Ra1 51. f3 f5 52. Kd3 Ke5 53. Ke3 f4+ 54. Kd3 a5 55. Kc3 Rh1 56. Kd3 Rd1 57. Kc3 Rxd2 58. Kxd2 Kd4 59. Kc2 Ke3 60. Kc3 Kxf3 61. b4 axb4+ 62. Kxb4 Ke3 63. Kb5 0-1

[Event "Bialystok Zamenhof Memorial-C 35th"]
[Site "Bialystok"]
[Date "2017.12.28"]
[Round "3.24"]
[White "Kozlowski, Piotr"]
[Black "Zaleski, Andrzej"]
[Result "0-1"]
[WhiteElo "1715"]
[BlackElo "1488"]
[PlyCount "79"]
[EventDate "2017.12.27"]
[EventType "swiss"]
[EventRounds "9"]
[EventCountry "POL"]
[SourceTitle "EXT 2023"]
[Source "ChessBase"]
[SourceDate "2022.10.05"]
[SourceVersion "1"]
[SourceVersionDate "2022.10.05"]
[SourceQuality "1"]

1. e4 c5 2. f4 e6 3. g3 d5 4. Bg2 dxe4 5. Bxe4 Nf6 6. Bg2 Nc6 7. Nf3 Be7 8. b3 0-0 9. Bb2 Nd5 10. 0-0 Qb6 11. Na3 Na5 12. Qe2 Bf6 13. Bxf6 Nxf6 14. Ne5 Rd8 15. Kh1 Qb4 16. Nac4 Nxc4 17. Nxc4 Bd7 18. a3 Qb5 19. a4 Qa6 20. Qe5 Bc6 21. Qxc5 Bxg2+ 22. Kxg2 Rd5 23. Qe3 Qc6 24. Qf3 a6 25. d3 Qc7 26. h3 Rc8 27. Rf2 Rd4 28. Qe3 Rcd8 29. Re1 b5 30. axb5 axb5 31. Ne5 R4d6 32. Ra1 Qb7+ 33. Qf3 Qb6 34. f5 Qd4 35. Re1 Qc3 36. Qb7 Qxe1 37. Qxf7+ Kh8 38. Nf3 Qe3 39. Ng5 Qxg5 40. fxe6 0-1

[Event "Bialystok Zamenhof Memorial-C 35th"]
[Site "Bialystok"]
[Date "2017.12.28"]
[Round "4.28"]
[White "Zaleski, Andrzej"]
[Black "Szydlo, Michal"]
[Result "0-1"]
[WhiteElo "1488"]
[BlackElo "1598"]
[PlyCount "82"]
[EventDate "2017.12.27"]
[EventType "swiss"]
[EventRounds "9"]
[EventCountry "POL"]
[SourceTitle "EXT 2023"]
[Source "ChessBase"]
[SourceDate "2022.10.05"]
[SourceVersion "1"]
[SourceVersionDate "2022.10.05"]
[SourceQuality "1"]

1. e4 c5 2. Nf3 d6 3. d4 cxd4 4. Nxd4 Nf6 5. Nc3 a6 6. Be3 e5 7. Nb3 Be7 8. Be2 0-0 9. 0-0 Be6 10. h3 Nbd7 11. Qd2 Qc7 12. Nd5 Bxd5 13. exd5 Nb6 14. Bxb6 Qxb6 15. Rfe1 Ne4 16. Qe3 Qxe3 17. fxe3 Bh4 18. Rf1 Ng3 19. Rf2 g6 20. c3 Rfe8 21. Bd3 e4 22. Bc2 Bg5 23. Re1 Nf5 24. Rfe2 h5 25. Kh2 h4 26. Nd2 Ng3 27. Rf2 b5 28. Nf1 Nxf1+ 29. Rexf1 f5 30. Re2 Bf6 31. g4 hxg3+ 32. Kxg3 Kg7 33. a3 Be5+ 34. Kg2 Rh8 35. Rh1 Rh5 36. Ree1 Rah8 37. Reg1 g5 38. Bd1 Rh4 39. Be2 Kf6 40. Rf1 Kg6 41. Bd1 R8h7 0-1

[Event "Bialystok Zamenhof Memorial"]
[Site "Bialystok"]
[Date "2013.12.28"]
[Round "6"]
[White "Zaleski, Andrzej"]
[Black "Sazon, Adam"]
[Result "0-1"]
[WhiteElo "1553"]
[BlackElo "1861"]
[PlyCount "39"]
[EventDate "2013.12.27"]
[EventType "swiss"]
[EventRounds "9"]
[EventCountry "POL"]
[SourceTitle "EXT 2016"]
[Source "ChessBase"]
[SourceDate "2015.10.08"]
[SourceVersion "1"]
[SourceVersionDate "2015.10.08"]
[SourceQuality "1"]

1. e4 c5 2. Nf3 d6 3. d4 cxd4 4. Qxd4 Nc6 5. Bb5 Bd7 6. Bxc6 Bxc6 7. Nc3 Nf6 8. Bg5 e5 9. Qd3 Be7 10. 0-0-0 Qa5 11. Kb1 Rd8 12. Rd2 0-0 13. g4 d5 14. Nxe5 dxe4 15. Nxc6 bxc6 16. Qe2 Qxg5 17. Rxd8 Rxd8 18. Nxe4 Nxe4 19. Qxe4 Qd5 20. Qe2 0-1

[Event "Bialystok Bieluczyk Memorial 5th"]
[Site "Bialystok"]
[Date "2013.??.??"]
[Round "8"]
[White "Zaleski, Andrzej"]
[Black "Kaminski, Maciej"]
[Result "1-0"]
[WhiteElo "1504"]
[BlackElo "1326"]
[PlyCount "51"]
[EventDate "2013.06.29"]
[EventType "swiss"]
[EventRounds "9"]
[EventCountry "POL"]
[SourceTitle "CBM 155 Extra"]
[Source "ChessBase"]
[SourceDate "2013.08.26"]
[SourceVersion "1"]
[SourceVersionDate "2013.08.26"]
[SourceQuality "1"]

1. e4 c5 2. Nf3 Nc6 3. d4 cxd4 4. Nxd4 e5 5. Nb5 a6 6. Nd6+ Bxd6 7. Qxd6 Qf6 8. Qd1 Qg6 9. Nc3 Nf6 10. f3 0-0 11. Be3 b5 12. Qd2 Bb7 13. g4 Rad8 14. Bb6 Rc8 15. h4 b4 16. Na4 Nxe4 17. Qxd7 Ng3 18. Rh2 Nxf1 19. Kxf1 Nd4 20. Qxb7 Nxc2 21. Rd1 Qe6 22. Qd5 Qxb6 23. Nxb6 Ne3+ 24. Kf2 Nxd5 25. Nxc8 Rxc8 26. Rxd5 1-0